00533nam a2200181Ia 4500008004100000020001800041050001400059100002100073245003300094245002000127260001600147260001700163260000900180300001500189300002500204999001900229952010300248180207s9999 xx 000 0 und d a9781865042725 bL749 2000 aLindsay, Norman. 4aThe magic pudding cookbook / cNorman Lindsay. aAustralia : bScholastic,  c2000 a32 pages : bcolor illustration ; c355046d355046 001040aSSISMbSSISMd2018-02-07l0oER L749 2000pSSISM4591r2018-02-07 00:00:00w2018-02-07yBK